000 00611cam a2200229 4500
008 090401t1991 xxu||||| |||| 00| 0 eng d
020 _a0136586678
035 _a(Sirsi) u44369
041 _aeng
050 _a658.3
100 _aTorrington, Derek
245 _aPersonnel management: a new appproach.
250 _a2nd ed.
260 _aHemel hempstead
_bPrentice Hall
_c1991
300 _axviii,661p. ; 24cm.
350 _a18.95
650 _aPERSONNEL MANAGEMENT
690 _aMANAGEMENT-BUSINESS MANAGEMENT-PROFESSIONAL PRACTICE
700 _aHall, Laura
942 _n0
948 _c04/03/1997
999 _c91505
_d91505